Osservatorio nazionale distretti italiani / (Registro nro. 8606)

Detalles MARC
000 -LEADER
fixed length control field 01892nam a2200217Ia 4500
003 - CONTROL NUMBER IDENTIFIER
control field OSt
005 - DATE AND TIME OF LATEST TRANSACTION
control field 20210921124400.0
008 - FIXED-LENGTH DATA ELEMENTS--GENERAL INFORMATION
fixed length control field 210310q2010 esoad fr 000 0 eng d
040 ## - CATALOGING SOURCE
Original cataloging agency CO-JMCR
Transcribing agency CO-JMCR
041 0# - LANGUAGE CODE
Language code of text/sound track or separate title ita
082 04 - DEWEY DECIMAL CLASSIFICATION NUMBER
Classification number 338.0945 /
Item number D614o
Edition number 23
110 2# - MAIN ENTRY--CORPORATE NAME
Corporate name or jurisdiction name as entry element Distretti Italiani, Ministero dello Sviluppo Economico
9 (RLIN) 40668
245 10 - TITLE STATEMENT
Title Osservatorio nazionale distretti italiani /
Statement of responsibility, etc. Distretti Italiani, Ministero dello Sviluppo Economico
260 ## - PUBLICATION, DISTRIBUTION, ETC.
Place of publication, distribution, etc. [Roma] :
Name of publisher, distributor, etc. [Unioncamere],
Date of publication, distribution, etc. 2010
300 ## - PHYSICAL DESCRIPTION
Extent 224 páginas :
Other physical details ilustraciones y gráficas a blanco y negro ;
Dimensions 21 cm.
500 ## - GENERAL NOTE
General note Incluye notas pie de página.
504 ## - BIBLIOGRAPHY, ETC. NOTE
Bibliography, etc. note Bibliografía al final de cada capítulo.
505 0# - FORMATTED CONTENTS NOTE
Formatted contents note <br/><br/>
Title I distretti dell'Osservatorio: sintesi dei fenomeni più rilevanti emersi dal II Rapporto /
Statement of responsibility Antonio Ricciardi
-- Modalità organizzative e vantaggi localizzativi delle imprese distrettuali nel nuovo decennio /
-- a cura di Unioncamere
Title Le recenti trasformazioni nei distretti industriali italiani / <br/><br/>
Statement of responsibility Giovanni luzzolino e Giacinto Micucci-Banca d'Italia
Title Il modello fluido e inesauribile dei distretti produttivi italiani / <br/><br/>
Statement of responsibility a cura del Censis - Centro Studi Investimenti Sociali<br/><br/>
Title Analisi economico-finanziaria dei distretti industriali italiani / <br/><br/>
Statement of responsibility Giovanni Foresti, Fabrizio Guelpa e Angelo Palumbo Intesa Sanpaolo
Title La dinamica dell'export distrettuale italiano durante la crisi e la prima fase della ripresa / <br/><br/>
Statement of responsibility Marco Fortis e Monica Carminati - Fondazione Edison
Title L'Indice 2011 della Qualità della Vita dei Distretti. Un indicatore delle condizioni di contesto delle imprese dei distretti italiani / <br/>
Statement of responsibility a cura di Confartigianato
Title Le politiche ambientali dei distretti italiani: cinque esperienze a confronto / <br/><br/>
Statement of responsibility a cura di Unioncamere - Fondazione Symbola<br/><br/>
650 14 - SUBJECT ADDED ENTRY--TOPICAL TERM
Topical term or geographic name entry element Distritos industriales
9 (RLIN) 17765
General subdivision Publicaciones periódicas
Geographic subdivision Italia
942 ## - ADDED ENTRY ELEMENTS (KOHA)
Source of classification or shelving scheme Dewey Decimal Classification
Koha item type Books
Existencias
Withdrawn status Lost status Source of classification or shelving scheme Damaged status Not for loan Collection code Home library Current library Date acquired Source of acquisition Full call number Barcode Date last seen Copy number Koha item type
    Dewey Decimal Classification     Non-fiction Biblioteca Pública José María del Castillo y Rada Biblioteca Pública José María del Castillo y Rada 04/15/2018 Donación 338.0945 / D614o 430000548 05/16/2024 Ej.1 Books